<?xml version="1.0" encoding="utf-8"?>
<?xml-stylesheet type='text/xsl' href='./oai2.xsl'?>
<OAI-PMH xmlns="http://www.openarchives.org/OAI/2.0/" xmlns:xsi="http://www.w3.org/2001/XMLSchema-instance" xsi:schemaLocation="http://www.openarchives.org/OAI/2.0/ http://www.openarchives.org/OAI/2.0/OAI-PMH.xsd">
  <responseDate>2026-06-05T06:33:11Z</responseDate>
  <request verb="GetRecord" metadataPrefix="marcxml" identifier="record_kuniweb_21806">https://kulturerbe.niedersachsen.de/oai</request>
  <GetRecord>
    <record>
      <header>
        <identifier>record_kuniweb_21806</identifier>
        <datestamp>2015-06-19T12:07:43Z</datestamp>
        <setSpec>slg0103</setSpec>
      </header>
      <metadata>
        <marc:record xmlns:marc="http://www.loc.gov/MARC21/slim" xsi:schemaLocation="http://www.loc.gov/MARC21/slim http://www.loc.gov/standards/marcxml/schema/MARC21slim.xsd">
          <marc:leader>12345nem  22     uu 4500</marc:leader>
          <marc:controlfield tag="001">21806</marc:controlfield>
          <marc:controlfield tag="003">http://kuniweb.gbv.de</marc:controlfield>
          <marc:controlfield tag="005">2015-06-13T12:12:23</marc:controlfield>
          <marc:controlfield tag="008">|           ||||||||||||||||||||||</marc:controlfield>
          <marc:datafield tag="245" ind1="1" ind2="0">
            <marc:subfield code="a">Ducatus Brunsvicensis fereq(ue) Lunaeburgensis, Cum adjacentibus Episcopatibus, Comit(atibus), Domin(atibus) etc(etera) descriptio geographica</marc:subfield>
          </marc:datafield>
          <marc:datafield tag="700" ind1="1" ind2=" ">
            <marc:subfield code="a">Dauthendey</marc:subfield>
            <marc:subfield code="e">Vorbild / Ideengeber</marc:subfield>
          </marc:datafield>
          <marc:datafield tag="655" ind1=" " ind2="7">
            <marc:subfield code="a">Karten</marc:subfield>
          </marc:datafield>
          <marc:datafield tag="046" ind1=" " ind2=" ">
            <marc:subfield code="k">1640</marc:subfield>
            <marc:subfield code="k">1540 Jahr der Erstveröffentlichung bei Blaeu</marc:subfield>
          </marc:datafield>
          <marc:datafield tag="260" ind1=" " ind2=" ">
            <marc:subfield code="g">1640</marc:subfield>
            <marc:subfield code="g">1540 Jahr der Erstveröffentlichung bei Blaeu</marc:subfield>
          </marc:datafield>
          <marc:datafield tag="300" ind1=" " ind2=" ">
            <marc:subfield code="a">Höhe: 41,5 cm
Breite: 52,5 cm</marc:subfield>
          </marc:datafield>
          <marc:datafield tag="520" ind1=" " ind2=" ">
            <marc:subfield code="a">Maßstäbe (in cm): 3 gewöhnliche deutsche Meilen = 6,1
Ausrichtung: Norden
Rückseite: Seiten 217/218 vierspaltiger lateinischer Text über das „Herzogtum“ Braunschweig mit zehnzeiliger Initiale; Ordnungsmarkierung: Xxxx, Textübergänge: eam und non

Anmerkungen: 
Die Karten auf der Grundlage von Dauthendey sind zweifelsfrei an der falsch, nämlich fast  waagerecht von Osten nach Westen, eingezeichneten Aller zu erkennen. – Dauthendey war am Hof in Wolfenbüttel angestellt und zeichnete die Karte im Auftrag der Herzöge Friedrich Ulrich und August der Jüngere. Im Widmungstext in der Titelkartusche bezeichnet er sich als wolfenbüttelschen Architekten und Mathematiker. Außerdem gibt dort der Verleger den Hinweis des Autors wieder, er habe am Hof in Wolfenbüttel mit einem sechs Fuß langen Sextanten die geographische Breite mit 52 Grad und zwischen 9 und 10 Minuten bestimmt. – Die Karte enthält eine Straße von Altenau über Braunlage und Hasselfelde nach der Burg Hohnstein.- (Vgl. Karte Braunschweig 08 a)


Literatur in Zusammenhang:
C. Koeman und Krogt, P. C. J. van der, „The folio atlases published by Willem Jansz. Blaeu and Joan Blaeu. Koeman's atlantes Neerlandici ; Vol. 2“. HES, 't Goy-Houten, 2000. (S. 511, 322 ff, Nr. 2261:2, 2:601-3.3)

Veröffentlicht in:
J. Blaeu, „Atlas Major, Das ist, Welt-beschreibung ; 3“. Blaeu, Amsterdam, 1667.

Literatur in Zusammenhang:
C. Dauthendey und Hellwig, F., „Ducatus Brunsvicensis fereque Lünaeburgensis cum adja: centibus episcopatibus, comitatibus, dominatibus etc. nova et locu: pletissima descriptio geographica. Caspar Dauthendeys Karte des Herzogtums Braunschweig ; Kt“. Pfaehler, Bad Neustadt a.d. Saale, 1987.

Literatur in Zusammenhang:
E. Pitz, „Landeskulturtechnik, Markscheide- und Vermessungswesen im Herzogtum Braunschweig bis zum Ende des 18. Jahrhunderts. Veröffentlichungen der Niedersächsischen Archivverwaltung ; 23“. Vandenhoeck &amp;amp; Ruprecht, Göttingen, 1967. (S. 133 ff)</marc:subfield>
          </marc:datafield>
          <marc:datafield tag="650" ind1="1" ind2=" ">
            <marc:subfield code="a">Landkarte</marc:subfield>
          </marc:datafield>
          <marc:datafield tag="773" ind1="0" ind2=" ">
            <marc:subfield code="t">Sammlung Körber-Einbeck</marc:subfield>
          </marc:datafield>
          <marc:datafield tag="852" ind1=" " ind2=" ">
            <marc:subfield code="a">Institut für Historische Landesforschung der Universität Göttingen</marc:subfield>
          </marc:datafield>
          <marc:datafield tag="" ind1=" " ind2=" ">
            <marc:subfield code="a">Namensnennung-Nicht kommerziell 4.0 International (CC BY-NC 4.0))</marc:subfield>
          </marc:datafield>
        </marc:record>
      </metadata>
    </record>
  </GetRecord>
</OAI-PMH>
